Znajdź Państwa Europy nagła śmierć - Statystyki

Ogólne statystyki
  • Ten quiz został rozwiązany 244 razy
    173 od ostatniego zresetowania
  • Średni wynik to 5 z 6
Answers on the Grid
Answers color-coded by a green-red scale on the quiz's grid according to % correct below.
Belgia
Tunezja
Polska
Afganistan
Turcja
Cypr
Niemcy
Norwegia
Dania
Chorwacja
Saint kitts
 
Statystyki odpowiedzi
Odpowiedź % Poprawnych
Polska
91%
Dania
89%
Niemcy
89%
Chorwacja
88%
Norwegia
88%
Belgia
86%
Nie znaleziono quizów pasujących do podanych kryteriów
Rozkład punktacji
Procent ludzi z każdym wynikiem
Percentyl według liczby udzielonych odpowiedzi
Twoja historia wyników
Nie rozwiązałeś tego quizu od ostatniego zresetowania